Noms propis dels carrers de Catalunya - Statistics

General Stats
  • This quiz has been taken 72 times
  • The average score is 9 of 21
Answer Stats
Número de carrers Pista Personatge % Correct
215 President Lluís Companys
88%
133 Arquitecte Antoni Gaudí
86%
190 President Francesc Macià
78%
126 Escriptora Mercè Rodoreda
70%
262 Filòleg Pompeu Fabra
70%
394 Músic Pau Casals
68%
150 Pintor Joan Miró
60%
274 Escriptor i poeta Jacint Verdaguer/Mossèn Cinto Verdaguer
54%
215 Dramaturg Àngel Guimerà
46%
212 Poeta Joan Maragall
46%
159 Sobirà Jaume I
44%
120 Poeta Mossèn Cinto Verdaguer
36%
117 Escriptor Ramon Llull
26%
162 Escriptor Salvador Espriu
26%
118 Escriptor Josep Pla
24%
114 Inventor Narcís Monturiol
24%
114 President Prat de la Riba
24%
150 Biòleg i bacteriòleg Doctor Fleming
20%
166 Polític Anselm Clavé
14%
105 Compositor Enric Granados
14%
181 Pintor Santiago Rusiñol
14%
No matching quizzes found
Score Distribution
Percent of People with Each Score
Percentile by Number Answered
Your Score History
You have not taken this quiz